[Event "Prague Summer op-B 7th"]
[Site "Prague"]
[Date "2020.08.12"]
[Round "6"]
[White "Baecker, Daniel"]
[Black "Karlsson, Henrik"]
[Result "1-0"]
[WhiteElo "1482"]
[BlackElo "1687"]
[PlyCount "91"]
[EventDate "2020.08.08"]
[EventType "swiss"]
[EventRounds "9"]
[EventCountry "CZE"]
[SourceTitle "EXT 2021"]
[Source "ChessBase"]
[SourceDate "2020.10.23"]
[SourceVersion "1"]
[SourceVersionDate "2020.10.23"]
[SourceQuality "1"]

1. e4 e6 2. d4 d5 3. Nc3 Nf6 4. e5 Nfd7 5. f4 c5 6. Nf3 Nc6 7. Be3 cxd4 8. Nxd4 Nxd4 9. Bxd4 a6 10. Qd2 Be7 11. Be2 0-0 12. Qe3 Qc7 13. f5 Bc5 14. f6 Bxd4 15. Qxd4 Qxe5 16. Qxe5 Nxe5 17. 0-0 g6 18. Rae1 Nc6 19. a3 d4 20. Ne4 e5 21. Rf3 Bg4 22. Rd3 Bxe2 23. Rxe2 Rfd8 24. Rh3 Rd5 25. Rd2 Rad8 26. Rdd3 Kf8 27. Rxh7 Ke8 28. Ng5 e4 29. Nxe4 Re5 30. Rh8+ Kd7 31. Rxd8+ Kxd8 32. Nd6 Kc7 33. Nxf7 Rf5 34. Rf3 Rxf3 35. gxf3 Kd7 36. Ng5 Ke8 37. f7+ Kf8 38. Kf2 Nd8 39. Ke2 Nxf7 40. Nxf7 Kxf7 41. Kd3 Ke6 42. Kxd4 Kf5 43. Kc5 Kf4 44. Kb6 Kxf3 45. c4 g5 46. Kxb7 1-0

[Event "Daehne Cup Region 13/14 III Rest"]
[Site "Burgdorf"]
[Date "2014.02.17"]
[Round "2"]
[White "Baecker, Daniel"]
[Black "Loessing, Thorsten"]
[Result "1/2-1/2"]
[WhiteElo "1089"]
[BlackElo "1465"]
[PlyCount "41"]
[EventDate "2014.02.??"]
[EventType "swiss"]
[EventRounds "4"]
[EventCountry "GER"]
[SourceTitle "EXT 2022"]
[Source "ChessBase"]
[SourceDate "2021.10.06"]
[SourceVersion "1"]
[SourceVersionDate "2021.10.06"]
[SourceQuality "1"]

1. e4 c5 2. Nc3 g6 3. Nf3 Bg7 4. Bc4 Nc6 5. 0-0 d6 6. Ng5 e6 7. f4 h6 8. Nf3 Nge7 9. d3 Bd7 10. Be3 a6 11. a4 0-0 12. d4 cxd4 13. Nxd4 Qc7 14. Qd2 Rad8 15. Ba2 Nxd4 16. Bxd4 Bxd4+ 17. Qxd4 e5 18. fxe5 dxe5 19. Qe3 Kg7 20. Kh1 f5 21. Rf2 1/2-1/2

[Event "Daehne Cup Region 13/14 III"]
[Site "Burgdorf"]
[Date "2014.02.03"]
[Round "1"]
[White "Glaschak, Joachim"]
[Black "Baecker, Daniel"]
[Result "1-0"]
[WhiteElo "1292"]
[BlackElo "1089"]
[PlyCount "57"]
[EventDate "2014.02.03"]
[EventType "k.o."]
[EventRounds "4"]
[EventCountry "GER"]
[SourceTitle "EXT 2022"]
[Source "ChessBase"]
[SourceDate "2021.10.06"]
[SourceVersion "1"]
[SourceVersionDate "2021.10.06"]
[SourceQuality "1"]

1. d4 d5 2. Nf3 c6 3. Bf4 Nf6 4. e3 Bg4 5. h3 Bh5 6. c4 e6 7. Nbd2 Bd6 8. Bxd6 Qxd6 9. c5 Qc7 10. Be2 Nbd7 11. 0-0 Bxf3 12. Bxf3 0-0 13. Qc2 e5 14. Be2 Rfe8 15. Nf3 exd4 16. exd4 Ne4 17. Bd3 Qf4 18. Rae1 f5 19. Re3 Rf8 20. Rfe1 Ng5 21. Nxg5 Qxg5 22. Rg3 Qf6 23. Rf3 g6 24. Rf4 b6 25. b4 a5 26. b5 bxc5 27. dxc5 Ne5 28. b6 g5 29. Rxf5 1-0